Responses for Show #3447 - Tuesday, September 7, 1999

1999 Back to School Week game 2.

Contestants

[<< previous game]

Yoni Freund, a 12-year-old from Hartford, Connecticut

Davine Scarlett, a 12-year-old from Miami, Florida

Robert Arshonsky, a 12-year-old from Cincinnati, Ohio

[next game >>]

Jeopardy! Round responses

FARAWAY PLACES
BIRDS! BIRDS! BIRDS!
CANDY & GUM SLOGANS
THOSE WACKY GERMANS
CARTOONS
THE "X" FILES
    $100 16
Sahara

Davine
    $100 26
Penguin

Davine
    $100 11
Kit Kat

Davine
    $100 21
Sneeze

Yoni
    $100 1
Hercules

Davine
    $100 6
Xmas

Yoni
    $200 17
Scotland

Robert
    $200 27
Owl

Davine
    $200 12
M&M's

Davine
    $200 22
(Robert: What are pierogies?)

sausages

Robert
Triple Stumper
    $200 2
Japan

Yoni
    $200 7
X-rays

Yoni
    $300 18
Beijing

Robert
    $300 28
Ostrich

Robert
    $300 13
Hershey's

Robert
    $300 23
Angels

Robert
    $300 3
Doug

Yoni
    $300 8
Xena

Robert
    $700 19
Red Sea

Robert
    $400 29
Parrot

Yoni
    $400 14
(Robert: What is Extra?)

Trident

RobertYoni
    $400 24
(Robert: What are Poland and Germany?)

East & West Germany

RobertYoni
    $400 4
The Magic School Bus

Yoni
    $400 9
Xylophone

Davine
    $500 20
Canada

Yoni
    $500 30
Bald eagle

Davine
    $500 15
(Davine: What is a Snicker bar?)

Snickers

Davine
    $500 25
City hall

Yoni
    $500 5
The Powerpuff Girls

Davine
    $500 10
Xerox

Yoni

Scores at the first commercial break (after clue 15):

Robert Davine Yoni
$200 $1,800 $2,100

Scores at the end of the Jeopardy! Round:

Robert Davine Yoni
$1,400 $2,700 $4,000

Double Jeopardy! Round responses

THE CIVIL WAR
LANGUAGES
NURSERY RHYMES
ARE WE THERE YET?
CLASSICAL MUSIC
WHOSE IS IT?
    $200 16
Fort Sumter

Davine
    $200 21
Latin

Davine
    $200 11
A pieman

Triple Stumper
    $200 6
Washington, D.C.

Robert
    $200 1
(Yoni: Who is Mozart?)

Ludwig van Beethoven

RobertYoni
    $200 26
Noah's Ark

Robert
    $400 17
Abraham Lincoln

Davine
    $400 22
Greek

Robert
    $400 12
Roast beef

Yoni
    $400 7
Paul Bunyan

Robert
    $400 2
(Robert: What is France?)

Spain

RobertDavine
    $400 27
Adam's apple

Robert
    $600 18
Gettysburg

Robert
    $2,000 23
French

Robert
    $600 13
Three Blind Mice

Davine
    $600 8
Mount Rushmore

Davine
    $600 3
"The Nutcracker"

Robert
    $600 28
Poor Richard's Almanack

Davine
    $800 19
Ulysses S. Grant

Robert
    $800 24
(Robert: What is Japan?)

Indonesia

Robert
Triple Stumper
    $800 14
Dish & spoon

Davine
    $500 9
Boston Tea Party

Davine
    $800 4
The Wolf

Davine
    $800 29
(Robert: Who was George Custer?)
(Davine: What is Custard's Last Stand?)

Custer's Last Stand

RobertDavine
Triple Stumper
    $1000 20
Jefferson Davis

Yoni
    $1000 25
Portuguese

Yoni
    $1000 15
Pumpkin

Davine
    $1000 10
Yellowstone

Davine
    $1000 5
Wolfgang Amadeus Mozart

Yoni
    $1000 30
Achilles' heel

Yoni

Scores at the end of the Double Jeopardy! Round:

Robert Davine Yoni
$5,200 $9,000 $8,200

[wagering suggestions for these scores]

Final Jeopardy! Round responses

EMPIRES
RobertWho is Napolon
$5,200
YoniWho is Nicolas I
$3,200
DavineWho was King George III
$1,800
Napoleon

Final scores:

Robert Davine Yoni
$10,400 $7,200 $5,000
Winner: $10,400 + a trip for 4 to Universal Studios Florida 2nd place: 2 computers + software + a trip for 4 to Universal Studios Florida 3rd place: 1 computer + software + a trip for 4 to Universal Studios Florida

Game dynamics:

Coryat scores:

Robert Davine Yoni
$3,500 $9,300 $8,200
17 R
(including 2 DDs),
6 W
22 R
(including 1 DD),
1 W
17 R,
1 W

Combined Coryat: $21,000

[game clues] [game scores] [suggest correction]

Game tape date: 1999-07-20
The J! Archive is created by fans, for fans. Scraping, republication, monetization, and malicious use prohibited; this site may use cookies and collect identifying information. See terms. The Jeopardy! game show and all elements thereof, including but not limited to copyright and trademark thereto, are the property of Jeopardy Productions, Inc. and are protected under law. This website is not affiliated with, sponsored by, or operated by Jeopardy Productions, Inc. Join the discussion at JBoard.tv.